All songs from the musical "Chicago" - Statistics

General Stats
  • This quiz has been taken 76 times
  • The average score is 12 of 22
Answer Stats
Hint Answer % Correct
Velma All That Jazz (Reprise)
94%
Company All That Jazz (Reprise)
94%
Velma, Annie, Liz, June, Hunyak, Mona Cell Block Tango
94%
Velma All That Jazz
92%
Billy, Roxie, Mary and the Reporters We Both Reached for the Gun
86%
Roxie and the Boys Roxie
78%
Matron "Mama" Morton When You're Good to Mama
75%
Amos Hart Mr. Cellophane
70%
Roxie Funny Honey
60%
Billy and Company Razzle Dazzle
60%
Velma I Can't Do It Alone
57%
Velma I Can't Do It Alone (Reprise)
57%
Billy Flynn and the Girls All I Care About
52%
Orchestra Overture
52%
Velma, Roxie Nowadays/Hot Honey Rag
51%
Velma, Mama Morton Class
33%
Roxie and Company Me and My Baby
21%
Roxie, Velma My Own Best Friend
16%
Velma and the Boys When Velma Takes the Stand
16%
Velma I Know a Girl
14%
Mary Sunshine A Little Bit of Good
10%
Orchestra Chicago After Midnight
5%
No matching quizzes found
Score Distribution
Percent of People with Each Score
Percentile by Number Answered
Your Score History
You have not taken this quiz